000 01257cad a22002295a 4500
001 L139527
008 070730s2007 xxkd f s 000 0 eng d
035 _a(Sirsi) u139527
041 0 _aeng
050 0 4 _a333.337 $2 18
110 2 _aColliers International Property Consultants
_91881
245 0 0 _aAsia Pacific office market overview
_h[electronic resource]
260 _a[S.l.]
_bColliers
_c2007
490 0 _aColliers Asia Pacific Office Market Overview
_vJuly 2007
520 _aReveals that the majority of office occupiers took on extra office space during the second quarter of 2007, even though a general slowdown in global economic growth was predicted for 2007. Overall, the office market in Asia Pacific region continued to experience an increase in rentals during the second quarter 2007. Predicts that demand for prime office space will continue to grow over the next 12 months, especially when the world's major economies recover momentum.
590 _aKA
650 2 4 _aCOLLIERS ASIA PACIFIC OFFICE MARKET OVERVIEW
651 4 _aAsia Pacific
690 _aPROPERTY-COMMERCIAL PROPERTY-COMMERCIAL PROPERTY MARKET
856 4 0 _uhttps://www.colliers.com
_zView the market overview free of charge at www.colliers.com...
942 _n0
999 _c107311
_d107311